000 00798nam a2200253 a 4500
001 000011437
003 DO-SdBNP
005 20240412074226.0
007 ta
008 091019s1967 dr r 000 0 spa d
040 _aDO-SdBNP
_bspa
_cBNPHU
082 4 _222
_aRD862.44
_bG216m
100 1 _aGarcía Guerra, Iván,
_d1938-
_9144
245 1 0 _aMás allá de la búsqueda /
_cIván García.
260 _aSantiago de los Caballeros, República Dominicana :
_bUniversidad Católica Madre y Maestra,
_c1967.
300 _a204 p. ;
_c20 cm.
490 1 _aContemporáneos
590 _aInventariado, 2019/DG
650 1 0 _aTeatro dominicano
_9637
650 1 0 _aLiteratura dominicana.
_967
830 0 _aContemporáneos
_96941
910 _aValidado. Control de calidad. MMOLINA
942 _2ddc
_cLBS1
999 _c11139
_d11139